Normal view
MARC view
Entry Personal Name
001 - CONTROL NUMBER
- control field: 1269
003 - CONTROL NUMBER IDENTIFIER
- control field: OSt
005 - DATE AND TIME OF LATEST TRANSACTION
- control field: 20110420140420.0
008 - FIXED-LENGTH DATA ELEMENTS
- fixed length control field: 110420|||a|||||| | ||| d
040 ## - CATALOGING SOURCE
- Original cataloging agency: OSt
- Transcribing agency: OSt
100 ## - HEADING--PERSONAL NAME
- Personal name: Cheshire, G. C.
- Fuller form of name: (Geoffrey Chevalier),
- Dates associated with a name: 1886-1978.
670 ## - SOURCE DATA FOUND
- Source citation: Work cat.: (OSt)0: Cheshire, G. C. (Geoffrey Chevalier), 1886-1978., Cheshire and Burn's modern law of real property /, 2006.
